[Event "ICS rated standard match"]
[Site "204.178.125.65"]
[Date "2000.08.11"]
[Round "?"]
[White "prg3"]
[Black "Hossa"]
[Result "1/2-1/2"]
[WhiteElo "2243"]
[BlackElo "2449"]
[PlyCount "136"]
[EventDate "2000.??.??"]

1. d4 d5 2. c4 e6 3. Nc3 Nf6 4. cxd5 exd5 5. Bg5 Bb4 6. e3 O-O 7. Bd3 h6 8. Bh4
Be6 9. Nf3 Nbd7 10. O-O c6 11. Qc2 Re8 12. a3 Be7 13. b4 Rc8 14. Na4 Bg4 15.
Nd2 Ne4 16. Bxe7 Qxe7 17. Nc5 Ndf6 18. Rae1 Nxd2 19. Qxd2 b6 20. Nb3 Rc7 21.
Rc1 Ne4 22. Qc2 Bf5 23. Nd2 Nxd2 24. Qxd2 Bxd3 25. Qxd3 Qe4 26. Qxe4 Rxe4 27.
Rc3 Re8 28. Rfc1 Rec8 29. Kf1 g5 30. g4 Kg7 31. Ke2 f6 32. Kd3 Kg6 33. f3 Kf7
34. h3 Ke7 35. h4 gxh4 36. Rh1 c5 37. dxc5 bxc5 38. bxc5 Rxc5 39. Rxc5 Rxc5 40.
Rxh4 Ra5 41. Rxh6 Kf7 42. Kd4 Rxa3 43. Kxd5 Kg7 44. Rh2 Rxe3 45. Ra2 Rd3+ 46.
Ke4 Rd7 47. Kf5 Rd5+ 48. Ke4 Re5+ 49. Kd4 Re7 50. f4 Rd7+ 51. Ke4 Rb7 52. Ra6
Rb4+ 53. Kf5 Rb5+ 54. Ke4 Rb4+ 55. Kf3 Rb3+ 56. Kg2 Rb7 57. Kg3 Kg6 58. g5 Rb6
59. Rxa7 fxg5 60. fxg5 Kxg5 61. Ra3 Kh5 62. Rc3 Kh6 63. Rc4 Kh7 64. Kg4 Kh8 65.
Rc7 Kg8 66. Kf5 Kf8 67. Ke5 Kg8 68. Kf5 Kf8 1/2-1/2

[Event "ICS rated blitz match"]
[Site "204.178.125.65"]
[Date "2000.08.11"]
[Round "?"]
[White "Hossa"]
[Black "WitPaard"]
[Result "1-0"]
[WhiteElo "2519"]
[BlackElo "2290"]
[PlyCount "51"]
[EventDate "2000.??.??"]

1. e4 e5 2. Nf3 Nc6 3. Bb5 f5 4. d3 fxe4 5. dxe4 Nf6 6. Bg5 Bc5 7. O-O d6 8.
Bc4 Bg4 9. h3 Bh5 10. Nc3 Ne7 11. Qd3 Qd7 12. Na4 Bb6 13. Nxb6 axb6 14. Kh1 h6
15. Bxf6 gxf6 16. a4 Ng6 17. Nd2 Nf4 18. Qb3 Rh7 19. Bb5 c6 20. Qg8+ Ke7 21.
Qxh7+ Bf7 22. Bc4 d5 23. exd5 cxd5 24. Bb5 Qe6 25. Qxh6 Rg8 26. Qxf4 {
WitPaard resigns} 1-0

[Event "ICS rated blitz match"]
[Site "204.178.125.65"]
[Date "2000.08.11"]
[Round "?"]
[White "Dorky"]
[Black "Hossa"]
[Result "0-1"]
[WhiteElo "2310"]
[BlackElo "2526"]
[PlyCount "148"]
[EventDate "2000.??.??"]

1. d4 Nf6 2. c4 e6 3. Nf3 Bb4+ 4. Bd2 Qe7 5. g3 Nc6 6. Nc3 d5 7. cxd5 exd5 8.
Bg2 O-O 9. O-O Re8 10. Bf4 Bxc3 11. bxc3 Qxe2 12. Qxe2 Rxe2 13. Rfe1 Rc2 14.
Bxc7 Rxc3 15. Bf4 Rc4 16. Ne5 Rxd4 17. Rac1 Nd8 18. Re2 Bf5 19. Be3 Ra4 20. Rd2
Ne6 21. Bxd5 Nxd5 22. Rxd5 Rxa2 23. Nxf7 Be4 24. Re5 Kxf7 25. Rxe4 b6 26. f4 g6
27. Rf1 Rc8 28. f5 gxf5 29. Rxf5+ Kg6 30. Rf1 Ng5 31. Bxg5 Kxg5 32. Re5+ Kh6
33. Re6+ Kg7 34. Re7+ Kg8 35. Rf2 Rxf2 36. Kxf2 Rf8+ 37. Ke3 Rf7 38. Re5 Kf8
39. Rb5 Ke8 40. Ke4 Re7+ 41. Kd4 Kd7 42. Kd5 Re2 43. h4 Re6 44. Kc4 a6 45. Rf5
Ke7 46. Kd5 Rg6 47. Re5+ Kd7 48. Rh5 h6 49. Ke5 Ke7 50. g4 Rc6 51. g5 Kf7 52.
Kd4 Kg7 53. Kd5 Rg6 54. gxh6+ Rxh6 55. Rg5+ Kf6 56. Re5 Kf7 57. h5 Kf8 58. Rg5
Ke7 59. Rg7+ Kf6 60. Rg6+ Rxg6 61. hxg6 Kxg6 62. Kc6 b5 63. Kc5 Kf5 64. Kd5 a5
65. Kd4 Ke6 66. Kc5 a4 67. Kb4 Kd5 68. Kxb5 a3 69. Kb4 a2 70. Kb5 a1=Q 71. Kb6
Qa8 72. Kc7 Qa7+ 73. Kd8 Kd6 74. Ke8 Qe7# {Dorky checkmated} 0-1

[Event "ICS rated standard match"]
[Site "204.178.125.65"]
[Date "2000.08.11"]
[Round "?"]
[White "Hossa"]
[Black "Llywyllyn"]
[Result "1-0"]
[WhiteElo "2440"]
[BlackElo "2144"]
[PlyCount "41"]
[EventDate "2000.??.??"]

1. e4 c5 2. Nf3 d6 3. d4 cxd4 4. Nxd4 Nf6 5. Nc3 a6 6. Rg1 e5 7. Nf3 Be6 8. Ng5
Be7 9. Nxe6 fxe6 10. g4 Nc6 11. g5 Nd7 12. Bh3 d5 13. exd5 exd5 14. Nxd5 Qa5+
15. c3 O-O-O 16. b4 Bxb4 17. cxb4 Nxb4 18. Nxb4 Qxb4+ 19. Bd2 Qe4+ 20. Be3 Rhf8
21. Qd6 {Llywyllyn resigns} 1-0

[Event "ICS rated blitz match"]
[Site "204.178.125.65"]
[Date "2000.08.11"]
[Round "?"]
[White "Hossa"]
[Black "JZInsomniac"]
[Result "0-1"]
[WhiteElo "2533"]
[BlackElo "2814"]
[PlyCount "174"]
[EventDate "2000.??.??"]

1. d4 Nf6 2. c4 e6 3. Nf3 d5 4. Nc3 Be7 5. Bg5 O-O 6. e3 h6 7. Bh4 b6 8. cxd5
Nxd5 9. Bxe7 Qxe7 10. Bd3 Bb7 11. O-O Nd7 12. Nxd5 exd5 13. Qc2 Nf6 14. b4 c6
15. Rab1 Rfd8 16. Ne5 Rd6 17. Rb3 Nd7 18. Nxd7 Rxd7 19. a4 Rc7 20. a5 Re8 21.
a6 Bc8 22. Rc1 Bd7 23. Bh7+ Kh8 24. Bf5 Bxf5 25. Qxf5 Qd6 26. Rb2 Re6 27. Rc3
Kg8 28. Rb1 Re4 29. Rc2 Kh8 30. Qh5 Re6 31. Rb3 Kg8 32. Qg4 Rce7 33. Rb1 Re8
34. Qf5 Qd7 35. Rcc1 f6 36. Ra1 R8e7 37. Kh1 Kh8 38. Rab1 Re8 39. Qg6 Re4 40.
Rb3 Rc8 41. Rbc3 Qd6 42. b5 c5 43. Kg1 Re6 44. R3c2 c4 45. Rb1 Rce8 46. Rd2 Qd7
47. Rdb2 f5 48. Qg3 Re4 49. Qh3 Qe6 50. g3 Qf7 51. Rd1 Kg8 52. Rbd2 h5 53. Qg2
h4 54. Rf1 Qc7 55. Qf3 Qd7 56. Rb2 Qe6 57. Qh5 Qc8 58. Qg6 Qd7 59. Qh5 Qf7 60.
Qf3 Qg6 61. Rd2 Rf8 62. Qg2 Qe8 63. Rb1 f4 64. gxf4 Rfxf4 65. h3 Rf6 66. Kh1
Qd7 67. Kh2 Re7 68. Re2 Ref7 69. f4 Re6 70. Kh1 Rfe7 71. Qg4 Qe8 72. Qf3 Rxe3
73. Rxe3 Rxe3 74. Qxd5+ Kh7 75. Qf5+ g6 76. Qd5 Rxh3+ 77. Kg2 Rg3+ 78. Kh1 Qe2
79. Qf7+ Kh6 80. Qf8+ Kh5 81. Qh8+ Kg4 82. Qc8+ Kf3 83. Qb7+ Kf2 84. Qg2+ Rxg2
85. d5 Rg3 86. Kh2 Ke3+ 87. Kh1 Qg2# {Hossa checkmated} 0-1

[Event "ICS rated standard match"]
[Site "204.178.125.65"]
[Date "2000.08.11"]
[Round "?"]
[White "Hossa"]
[Black "Llywyllyn"]
[Result "1-0"]
[WhiteElo "2444"]
[BlackElo "2168"]
[PlyCount "24"]
[EventDate "2000.??.??"]

1. e4 c5 2. Nf3 d6 3. d4 cxd4 4. Nxd4 Nf6 5. Nc3 a6 6. Rg1 e6 7. Bg5 Be7 8. Qd2
Qc7 9. O-O-O Nbd7 10. f4 b5 11. Bxb5 axb5 12. Ndxb5 Qb8 {Llywyllyn resigns} 1-0

[Event "ICS rated standard match"]
[Site "204.178.125.65"]
[Date "2000.08.11"]
[Round "?"]
[White "loekielion"]
[Black "Hossa"]
[Result "0-1"]
[WhiteElo "2037"]
[BlackElo "2449"]
[PlyCount "46"]
[EventDate "2000.??.??"]

1. e4 e5 2. Nf3 Nc6 3. Bc4 Nf6 4. O-O Bc5 5. d4 exd4 6. e5 Ng4 7. Bf4 a6 8.
Bxf7+ Kxf7 9. Ng5+ Ke8 10. Qxg4 Qe7 11. Ne4 d5 12. Qh5+ g6 13. Qh6 dxe4 14. Nd2
Bf5 15. Rae1 Bb4 16. Nxe4 Bxe1 17. Nf6+ Kf7 18. Rxe1 Qf8 19. Qh4 h6 20. Nd5 Qd8
21. Nf6 g5 22. e6+ Kxf6 23. Be5+ Nxe5 {loekielion resigns} 0-1

[Event "ICS rated standard match"]
[Site "204.178.125.65"]
[Date "2000.08.11"]
[Round "?"]
[White "Hossa"]
[Black "Esen"]
[Result "1-0"]
[WhiteElo "2454"]
[BlackElo "1951"]
[PlyCount "24"]
[EventDate "2000.??.??"]

1. e4 c6 2. c4 g6 3. Nf3 Bg7 4. d4 e6 5. Bd3 d5 6. Nc3 Ne7 7. O-O O-O 8. Bg5
Qd7 9. Qd2 dxe4 10. Nxe4 Nf5 11. Nf6+ Bxf6 12. Bxf6 Ng7 {Esen resigns} 1-0

[Event "ICS Rated standard match"]
[Site "204.178.125.65"]
[Date "2000.08.11"]
[Round "?"]
[White "Esen"]
[Black "Hossa"]
[Result "0-1"]
[WhiteElo "1949"]
[BlackElo "2456"]
[PlyCount "69"]
[EventDate "2000.??.??"]

1. d4 Nf6 2. Bg5 e6 3. Bxf6 Qxf6 4. e3 c5 5. c3 cxd4 6. cxd4 Nc6 7. Nf3 Bb4+ 8.
Nc3 e5 9. a3 exd4 10. Nxd4 Bxc3+ 11. bxc3 O-O 12. Bb5 Qg5 13. Bxc6 dxc6 14. O-O
Bg4 15. Nf3 Qa5 16. Qb3 Bxf3 17. gxf3 Qg5+ 18. Kh1 Qh5 19. f4 Qf3+ 20. Kg1 Rab8
21. Qd1 Qh3 22. Qe2 g6 23. Rfd1 Rfd8 24. Rxd8+ Rxd8 25. Rd1 Re8 26. Qd3 Qg4+
27. Kh1 Ra8 28. Qd7 Qf3+ 29. Kg1 c5 30. Qd5 Qg4+ 31. Kh1 Qe2 32. Qd3 Qxf2 33.
Qe4 Rb8 34. Qd3 Re8 35. e4 {Esen resigns} 0-1

[Event "ICS rated blitz match"]
[Site "204.178.125.65"]
[Date "2000.08.11"]
[Round "?"]
[White "MissSilicon"]
[Black "Hossa"]
[Result "1-0"]
[WhiteElo "2659"]
[BlackElo "2528"]
[PlyCount "113"]
[EventDate "2000.??.??"]

1. e4 e5 2. f4 Bc5 3. Nf3 d6 4. Nc3 Nf6 5. Bc4 Nc6 6. d3 a6 7. fxe5 dxe5 8. Bg5
h6 9. Bh4 Bg4 10. Nd5 Qd6 11. Nxf6+ gxf6 12. c3 Bh5 13. b4 Ba7 14. a4 O-O-O 15.
Ra2 a5 16. b5 Nb8 17. Bf2 Bxf2+ 18. Rxf2 Nd7 19. Qc1 Nb6 20. O-O Nxc4 21. dxc4
Qd3 22. Nd2 Rhg8 23. Re1 Rg6 24. Kh1 Rdg8 25. c5 Bg4 26. Qb2 Be6 27. c6 b6 28.
Nf3 Kb8 29. Rd2 Qc4 30. Qc2 Rg4 31. Rf2 Qc5 32. Rfe2 Bc4 33. Rd2 Qa3 34. Rb1 h5
35. h3 Rg3 36. Kh2 R3g7 37. Nh4 Be6 38. Nf5 Bxf5 39. exf5 Qe7 40. Re1 Rg3 41.
Ree2 Qf8 42. Rd7 Qg7 43. Rd3 Qg5 44. Rxg3 Qxg3+ 45. Kh1 Qf4 46. c4 Qf1+ 47. Kh2
h4 48. Rf2 Qa1 49. c5 bxc5 50. Qxc5 Qxa4 51. Qd5 Qa3 52. b6 Qg3+ 53. Kg1 cxb6
54. Qd7 Qh2+ 55. Kxh2 Rxg2+ 56. Rxg2 a4 57. Rg8# {Hossa checkmated} 1-0

[Event "ICS rated standard match"]
[Site "204.178.125.65"]
[Date "2000.08.11"]
[Round "?"]
[White "Hossa"]
[Black "Esen"]
[Result "1-0"]
[WhiteElo "2458"]
[BlackElo "1947"]
[PlyCount "32"]
[EventDate "2000.??.??"]

1. e4 c6 2. c4 d5 3. cxd5 cxd5 4. exd5 Nf6 5. Nc3 Nxd5 6. Nf3 Nxc3 7. bxc3 Nc6
8. d4 Bg4 9. d5 Bxf3 10. Qxf3 Ne5 11. Bb5+ Nd7 12. O-O a6 13. Ba4 b5 14. Bb3 g6
15. Re1 Bg7 16. d6 e6 {Esen resigns} 1-0

[Event "ICS rated standard match"]
[Site "204.178.125.65"]
[Date "2000.08.11"]
[Round "?"]
[White "Tinker"]
[Black "Hossa"]
[Result "1-0"]
[WhiteElo "2424"]
[BlackElo "2460"]
[PlyCount "145"]
[EventDate "2000.??.??"]

1. e4 c5 2. Nf3 d6 3. Bb5+ Bd7 4. Nc3 Bxb5 5. Nxb5 Nf6 6. d3 g6 7. O-O Bg7 8.
Qe2 O-O 9. Bg5 Nc6 10. c4 Ng4 11. h3 Nge5 12. Nxe5 dxe5 13. Nc3 Qd7 14. Rfe1
Rfd8 15. Rad1 f6 16. Be3 b6 17. Qf3 e6 18. Rf1 a6 19. Qg3 f5 20. Bg5 Re8 21.
Qh4 f4 22. Na4 Rab8 23. Nc3 Nd4 24. f3 b5 25. cxb5 axb5 26. Rf2 b4 27. Nb1 c4
28. Kh1 Qa4 29. Rfd2 cxd3 30. b3 Qa5 31. Bf6 Bxf6 32. Qxf6 Rf8 33. Qg5 Nc6 34.
Rxd3 Qxa2 35. Qg4 Rbe8 36. Nd2 Na5 37. Qh4 Qc2 38. Nf1 Nc6 39. Rd7 Re7 40. Rxe7
Nxe7 41. Rd7 g5 42. Qh6 Qc5 43. Qxg5+ Kf7 44. Qh6 Rh8 45. Nd2 Ra8 46. Qxh7+ Kf6
47. Nb1 Qc1+ 48. Kh2 Qc5 49. h4 Rg8 50. Nd2 Rg7 51. Qh6+ Kf7 52. Nc4 Ke8 53.
Qxe6 Rg6 54. Rxe7+ Qxe7 55. Nd6+ Kf8 56. Qc8+ Kg7 57. Nf5+ Kf7 58. Nxe7 Kxe7
59. Qc5+ Ke6 60. Qf8 Rf6 61. Qe8+ Kd6 62. h5 Rh6 63. Qf8+ Kc6 64. Qxh6+ Kc5 65.
Qf8+ Kd4 66. Qxb4+ Kd3 67. h6 Kc2 68. h7 Kd3 69. Qc4+ Kd2 70. h8=Q Kd1 71. Qd8+
Ke1 72. Qc1+ Kf2 73. Qdd2# {Hossa checkmated} 1-0

[Event "ICS rated standard match"]
[Site "204.178.125.65"]
[Date "2000.08.11"]
[Round "?"]
[White "Hossa"]
[Black "Tinker"]
[Result "1-0"]
[WhiteElo "2442"]
[BlackElo "2442"]
[PlyCount "129"]
[EventDate "2000.??.??"]

1. e4 e5 2. f4 exf4 3. Nf3 Nf6 4. e5 Nh5 5. Be2 d6 6. O-O dxe5 7. Nxe5 Qd4+ 8.
Kh1 Ng3+ 9. hxg3 Qxe5 10. d4 Qf6 11. Rxf4 Qd6 12. Bc4 Be6 13. Bxe6 fxe6 14.
Qh5+ g6 15. Qg5 Be7 16. Qb5+ Nc6 17. Qxb7 Rb8 18. Qa6 g5 19. Re4 Kd7 20. Qd3
Bf6 21. c3 Ne7 22. b3 Nf5 23. Ba3 Qxg3 24. Qa6 Nd6 25. Bxd6 Qxd6 26. Qa4+ Ke7
27. Na3 Qd7 28. Qxa7 Ra8 29. Qc5+ Qd6 30. Qxd6+ cxd6 31. Nb5 d5 32. Re3 Kd7 33.
Rae1 Ra6 34. a4 g4 35. R3e2 h5 36. Rf2 Rh6 37. Ref1 Ke7 38. Re2 Kd8 39. Rf4 Rg6
40. g3 Bg7 41. Rf7 Rc6 42. a5 Bf6 43. Rh7 Rg5 44. Rf2 e5 45. Ra2 Ra6 46. Nc7
Rc6 47. Nxd5 Ra6 48. Nxf6 exd4 49. Rd7+ Kc8 50. Rd5 Rxd5 51. Nxd5 dxc3 52. Nxc3
Kb7 53. b4 Rd6 54. b5 Ka7 55. Rf2 Rd7 56. Kg1 Re7 57. Rf6 Re3 58. Rf7+ Ka8 59.
Nd5 Rxg3+ 60. Kf2 Rb3 61. Nb6+ Kb8 62. a6 Rb2+ 63. Ke3 Rb3+ 64. Kd4 Rb4+ 65.
Kc5 {Tinker resigns} 1-0

[Event "ICS rated standard match"]
[Site "204.178.125.65"]
[Date "2000.08.12"]
[Round "?"]
[White "inmichess"]
[Black "Hossa"]
[Result "0-1"]
[WhiteElo "2293"]
[BlackElo "2458"]
[PlyCount "130"]
[EventDate "2000.??.??"]

1. e4 c5 2. g3 Nc6 3. Nc3 g6 4. Bg2 Bg7 5. d3 Nf6 6. Nge2 d6 7. O-O h5 8. Bg5
Nh7 9. Be3 h4 10. gxh4 Nf8 11. Bg5 Bd7 12. f3 Ne6 13. a3 Nxg5 14. hxg5 Qa5 15.
f4 O-O-O 16. Ra2 Rh4 17. Rf2 Rdh8 18. b4 cxb4 19. axb4 Qxb4 20. Ra4 Qb2 21. Ra2
Qb6 22. Nd5 Qd8 23. Bf1 e6 24. Qb1 exd5 25. exd5 Na5 26. Qb4 b6 27. Qxd6 Bf5
28. Qxd8+ Rxd8 29. Bg2 Rdh8 30. Be4 Bh3 31. c4 Bf8 32. d4 Bb4 33. Rc2 Nb7 34.
Ra2 a5 35. Rf3 Nd6 36. Bd3 Bg4 37. Rf2 Bxe2 38. Raxe2 Rh3 39. Rd2 Bxd2 40. Rxd2
Rxd3 41. Rxd3 Nxc4 42. Rc3 b5 43. Rb3 b4 44. Rb1 Kd7 45. Rc1 b3 46. Rb1 Nd2 47.
Rd1 b2 48. Kf2 b1=Q 49. Rxb1 Nxb1 50. Ke3 Rh3+ 51. Kf2 Rxh2+ 52. Kg3 Re2 53.
Kf3 Nc3 54. d6 Kxd6 55. Kg3 Kd5 56. Kg4 Nb5 57. Kg3 Re3+ 58. Kf2 Kxd4 59. f5
Kd3 60. fxg6 fxg6 61. Kg1 Ke2 62. Kg2 Rd3 63. Kg1 Kf3 64. Kh2 Kf2 65. Kh1 Rh3#
0-1

[Event "ICS rated standard match"]
[Site "204.178.125.65"]
[Date "2000.08.12"]
[Round "?"]
[White "Hossa"]
[Black "inmichess"]
[Result "0-1"]
[WhiteElo "2467"]
[BlackElo "2284"]
[PlyCount "170"]
[EventDate "2000.??.??"]

1. e4 e5 2. f4 Nf6 3. fxe5 Nxe4 4. Nf3 d6 5. d3 Nc5 6. d4 Ne4 7. Bd3 d5 8. O-O
Be7 9. c4 c6 10. cxd5 cxd5 11. Nc3 Nxc3 12. bxc3 O-O 13. Qc2 g6 14. Bh6 Re8 15.
Rf2 Nc6 16. Qd2 Be6 17. Ng5 Bxg5 18. Bxg5 Qa5 19. Bf6 Qa3 20. Bb5 Qf8 21. Bxc6
bxc6 22. Raf1 Rab8 23. Qf4 Rb7 24. Qc1 Reb8 25. Kh1 a5 26. a4 Rb3 27. Rf3 Ra3
28. Qc2 c5 29. Qf2 Rxa4 30. dxc5 Rc4 31. c6 Rxc6 32. Qa7 Rb5 33. Qd4 Rcb6 34.
Qa4 Rb8 35. R3f2 Qh6 36. Qc2 Qe3 37. Rf3 Qc5 38. Qd2 Qf8 39. Qg5 Rb1 40. Be7
Qc8 41. Bd6 R8b3 42. Qh6 Rxf1+ 43. Rxf1 Rxc3 44. Be7 a4 45. Ra1 d4 46. Bf6 Qf8
47. Qf4 Rc4 48. Rf1 Bd5 49. Qd2 Be4 50. Qf4 d3 51. Qe3 a3 52. Ra1 Qb4 53. Qh6
Bxg2+ 54. Kxg2 Qb7+ 55. Kg3 Rg4+ 56. Kxg4 Qg2+ 57. Kf4 Qd2+ 58. Ke4 Qxh6 59.
Rxa3 d2 60. Rd3 g5 61. Rxd2 Qh4+ 62. Kd5 Qf4 63. Rb2 h6 64. Ra2 Qb4 65. Ra8+
Kh7 66. Rh8+ Kg6 67. Rg8+ Kf5 68. Kc6 Qh4 69. Rf8 Qc4+ 70. Kd7 Qb5+ 71. Ke7
Qb7+ 72. Kd6 Qb4+ 73. Kc7 Qxf8 74. Kd7 Qc5 75. Bg7 f6 76. Bxh6 fxe5 77. h3 Kg6
78. Bf8 Qxf8 79. Kc6 e4 80. Kb5 e3 81. Kc4 e2 82. Kb5 e1=Q 83. Kc6 Qc1+ 84. Kd5
Qf5+ 85. Kd6 Qcc5# {Hossa checkmated} 0-1

[Event "ICS rated standard match"]
[Site "204.178.125.65"]
[Date "2000.08.12"]
[Round "?"]
[White "inmichess"]
[Black "Hossa"]
[Result "1/2-1/2"]
[WhiteElo "2308"]
[BlackElo "2443"]
[PlyCount "118"]
[EventDate "2000.??.??"]

1. e4 e5 2. Nf3 Nc6 3. c3 Nf6 4. d4 Nxe4 5. d5 Ne7 6. Nxe5 Ng6 7. Nxg6 hxg6 8.
Bd3 Nf6 9. O-O Bd6 10. Re1+ Kf8 11. h3 Nxd5 12. Bxg6 fxg6 13. Qxd5 Rh5 14. Qd1
Rf5 15. Be3 Be7 16. Qg4 d5 17. Qxg6 Rf6 18. Qh5 Rf5 19. Qh7 Re5 20. Nd2 Bf5 21.
Qh8+ Kf7 22. Qh5+ Kg8 23. Bd4 g6 24. Qf3 Rxe1+ 25. Rxe1 c5 26. Rxe7 Qxe7 27.
Qxd5+ Be6 28. Qxc5 Qxc5 29. Bxc5 Re8 30. Ne4 Rd8 31. Bxa7 Bf5 32. Ng3 Rd1+ 33.
Kh2 Bd3 34. b4 b5 35. h4 Ra1 36. Bd4 Rxa2 37. h5 Ra6 38. hxg6 Rxg6 39. f3 Rg5
40. Nh1 Be2 41. Nf2 Rg6 42. Ng4 Rxg4 43. fxg4 Bxg4 44. Kg3 Be2 45. Kf4 Bd3 46.
g4 Kf7 47. Kg5 Ke7 48. Kh6 Kf7 49. g5 Bg6 50. Be5 Bd3 51. Bf6 Bg6 52. Bd4 Bf5
53. Bc5 Bd3 54. Bb6 Bg6 55. Bd4 Bf5 56. Bf6 Bg6 57. Be5 Bd3 58. Bg7 Bc2 59. Bf6
Bg6 1/2-1/2

[Event "ICS rated standard match"]
[Site "204.178.125.65"]
[Date "2000.08.12"]
[Round "?"]
[White "Hossa"]
[Black "inmichess"]
[Result "1-0"]
[WhiteElo "2437"]
[BlackElo "2314"]
[PlyCount "107"]
[EventDate "2000.??.??"]

1. e4 e5 2. Nf3 Nc6 3. Bb5 Nge7 4. O-O a6 5. Ba4 d6 6. d4 b5 7. Bb3 Nxd4 8.
Nxd4 exd4 9. a4 Bb7 10. Qxd4 c5 11. Qe3 c4 12. Ba2 Qd7 13. Nc3 b4 14. Nd5 Bxd5
15. exd5 Qxa4 16. Qf4 Rc8 17. Re1 Qb5 18. Qxd6 a5 19. Bg5 Qb7 20. Bxe7 Bxe7 21.
Qe5 f6 22. Qe6 b3 23. cxb3 Qd7 24. d6 Qxe6 25. Rxe6 Kd7 26. Rxe7+ Kxd6 27. Rxg7
cxb3 28. Bxb3 Rb8 29. Rd1+ Kc5 30. Rc7+ Kb4 31. Bc2 Rhc8 32. Rd4+ Kb5 33. Bd3+
Kb6 34. Rxh7 Rd8 35. Rdd7 Rxd7 36. Rxd7 Kc5 37. Ra7 Kd4 38. Bf5 Rb5 39. g4 Rxb2
40. Ra6 Kc5 41. h4 Rb6 42. Rxb6 Kxb6 43. Bc2 Kc5 44. h5 Kb4 45. h6 Kc3 46. h7
Kxc2 47. g5 f5 48. g6 a4 49. g7 f4 50. g8=Q Kd3 51. Qd5+ Kc2 52. h8=Q f3 53.
Qa1 a3 54. Qdd1# 1-0

[Event "ICS rated standard match"]
[Site "204.178.125.65"]
[Date "2000.08.12"]
[Round "?"]
[White "inmichess"]
[Black "Hossa"]
[Result "1-0"]
[WhiteElo "2303"]
[BlackElo "2448"]
[PlyCount "103"]
[EventDate "2000.??.??"]

1. e4 e5 2. Nf3 Nc6 3. c3 Nf6 4. d4 Nxe4 5. d5 Ne7 6. Nxe5 Ng6 7. Nxg6 hxg6 8.
Be3 Nf6 9. c4 Bd6 10. Nc3 Be5 11. Bd4 Bxd4 12. Qxd4 O-O 13. Be2 d6 14. O-O Re8
15. Rfe1 Bf5 16. Bf3 Nd7 17. Rxe8+ Qxe8 18. Nb5 Qd8 19. Qf4 a6 20. Nd4 Bd3 21.
b3 Ne5 22. Be2 Bxe2 23. Nxe2 Qf6 24. Qxf6 gxf6 25. Nd4 Nd3 26. Rd1 Re8 27. Kf1
Nc5 28. f3 Kh7 29. g4 Re3 30. Kf2 Rc3 31. Ke2 Kg8 32. h4 Kf8 33. h5 f5 34. gxf5
gxh5 35. f6 a5 36. Rh1 Kg8 37. Rxh5 Nd7 38. Kd2 Rxf3 39. Nxf3 Nxf6 40. Rh2 Ne4+
41. Ke3 Nf6 42. Kf4 a4 43. bxa4 Nd7 44. a5 Nc5 45. Kf5 Na4 46. Kf6 Nc5 47. Ke7
Kg7 48. Rg2+ Kh6 49. Kxf7 Kh5 50. Rg5+ Kh6 51. Rg4 b6 52. Rh4# {
Hossa checkmated} 1-0

[Event "ICS rated standard match"]
[Site "204.178.125.65"]
[Date "2000.08.12"]
[Round "?"]
[White "Hossa"]
[Black "inmichess"]
[Result "0-1"]
[WhiteElo "2426"]
[BlackElo "2325"]
[PlyCount "108"]
[EventDate "2000.??.??"]

1. d4 f5 2. g3 Nf6 3. Bg2 g6 4. c4 c5 5. dxc5 Qa5+ 6. Nc3 Qxc5 7. Qb3 Nc6 8.
Nb5 Ng4 9. Nh3 Nce5 10. Qc3 a6 11. b4 Qb6 12. Nd4 Bg7 13. c5 Qf6 14. Bb2 Nc6
15. e3 e5 16. Nxc6 dxc6 17. Rd1 Be6 18. f3 Nh6 19. a4 O-O 20. O-O g5 21. Nf2
Nf7 22. Nd3 Qh6 23. Rd2 g4 24. Nf2 gxf3 25. Bxf3 Ng5 26. Bg2 Rad8 27. Rxd8 Rxd8
28. b5 axb5 29. axb5 cxb5 30. Qa5 Nf7 31. Qxb5 Qxe3 32. Bxb7 Ng5 33. Qb6 Re8
34. Qb5 Rb8 35. Bc1 Qf3 36. Bxg5 Qxb7 37. Qe2 Qb4 38. Qe3 Qc4 39. Be7 h6 40.
Qf3 Rb2 41. Qc6 e4 42. Qe8+ Kh7 43. Bf8 e3 44. Nd3 e2 45. Re1 Bd4+ 46. Kg2 Qd5+
47. Kh3 f4+ 48. Qxe6 Qxe6+ 49. Kg2 Qe4+ 50. Kh3 Qf5+ 51. Kg2 f3+ 52. Kh1 f2 53.
Nxf2 Qf3+ 54. Kg1 Bxf2# {Hossa checkmated} 0-1

[Event "ICS rated standard match"]
[Site "204.178.125.65"]
[Date "2000.08.12"]
[Round "?"]
[White "inmichess"]
[Black "Hossa"]
[Result "1-0"]
[WhiteElo "2346"]
[BlackElo "2405"]
[PlyCount "155"]
[EventDate "2000.??.??"]

1. e4 d5 2. exd5 Qxd5 3. Nc3 Qe6+ 4. Be2 Qg6 5. Bf3 e5 6. Nge2 Nc6 7. d4 Bd7 8.
dxe5 O-O-O 9. Nf4 Qf5 10. O-O Nxe5 11. Be4 Qf6 12. Ncd5 Qd6 13. Nd3 Bg4 14. f3
f5 15. Nxe5 Qxe5 16. Bf4 Qxe4 17. fxe4 Bc5+ 18. Kh1 Bxd1 19. Raxd1 fxe4 20.
Bxc7 Rd7 21. Be5 Ne7 22. Nc3 e3 23. Rxd7 Kxd7 24. Bxg7 Rg8 25. Ne4 Rxg7 26.
Nxc5+ Kc6 27. Nd3 Nd5 28. c4 Nb6 29. b3 Kc7 30. Re1 Re7 31. Nf2 Rf7 32. Ng4 Kd8
33. h3 h5 34. Nxe3 Rf2 35. a4 Rb2 36. Rd1+ Kc8 37. Rd3 Nd7 38. Nf5 Ne5 39. Re3
Ng6 40. g3 Kd7 41. h4 Rd2 42. Ng7 Rf2 43. Nxh5 Kd6 44. Ng7 Ne5 45. Ne8+ Ke6 46.
g4 Rf4 47. Nc7+ Kd6 48. Nb5+ Ke6 49. Kg2 Rxg4+ 50. Kh3 Rf4 51. Nxa7 Kf6 52. c5
Rf1 53. Rc3 Rh1+ 54. Kg3 Rg1+ 55. Kh2 Rg4 56. Kh3 Rg7 57. b4 Rh7 58. c6 Rc7 59.
b5 bxc6 60. b6 Rb7 61. a5 c5 62. Rxc5 Rg7 63. a6 Nd3 64. b7 Nf2+ 65. Kh2 Ng4+
66. Kg2 Ne5+ 67. Kh3 Nd7 68. Rc6+ Ke5 69. Rc3 Kd5 70. Nc6 Nc5 71. b8=Q Nd7 72.
Rd3+ Ke4 73. Qb5 Nc5 74. Qc4+ Kf5 75. Qxc5+ Ke6 76. Qe5+ Kf7 77. Qf5+ Ke8 78.
Rd8# {Hossa checkmated} 1-0

[Event "ICS rated standard match"]
[Site "204.178.125.65"]
[Date "2000.08.12"]
[Round "?"]
[White "Hossa"]
[Black "inmichess"]
[Result "0-1"]
[WhiteElo "2386"]
[BlackElo "2365"]
[PlyCount "156"]
[EventDate "2000.??.??"]

1. d4 Nf6 2. c4 g6 3. Nc3 Bg7 4. Nf3 d5 5. Bg5 Ne4 6. cxd5 Nxg5 7. Nxg5 e6 8.
Qd2 h6 9. Nh3 exd5 10. Nf4 O-O 11. e3 c6 12. Bd3 Qg5 13. h4 Qf6 14. O-O-O Re8
15. Be2 Nd7 16. g4 Nb6 17. Qc2 Qd6 18. h5 g5 19. Nd3 Nc4 20. Kb1 b6 21. Bf3 Be6
22. Rc1 Re7 23. Rhg1 Bf6 24. Bh1 a5 25. Rg3 Rf8 26. Bg2 Rb8 27. Ne1 Rbe8 28.
Bf1 Qb4 29. Ka1 b5 30. Nd3 Qd6 31. Bg2 b4 32. Ne2 Bd7 33. Nc5 Bc8 34. Ng1 Bg7
35. Kb1 Bh8 36. Bh1 Bf6 37. Na4 Be6 38. Rg2 Bd7 39. Nc5 Bc8 40. Ka1 Rf8 41. Nf3
Rd8 42. Nd2 Nxd2 43. Qxd2 Rde8 44. Rg3 Qb8 45. Qc2 Qb5 46. Bg2 Rc7 47. Bf1 Qb6
48. Bd3 Be7 49. Rgg1 Bd6 50. Bh7+ Kg7 51. Bf5 Bxf5 52. Qxf5 Qa7 53. Na4 Re6 54.
Qd3 Rf6 55. Rgf1 Kg8 56. Rc2 Qa8 57. Rfc1 Kg7 58. Qe2 Re6 59. Nc5 Re8 60. Na6
Rcc8 61. Qd3 a4 62. Re2 b3 63. a3 Qa7 64. Nc5 Re7 65. Qf5 Rce8 66. Ree1 Bb8 67.
Kb1 Bh2 68. Red1 Qa8 69. Rh1 Bd6 70. Nd7 Re6 71. Qf3 Qa6 72. Rhg1 Bxa3 73. bxa3
Qd3+ 74. Ka1 Qd2 75. Rc2 Qxc2 76. Qxf7+ Kxf7 77. Ne5+ Rxe5 78. dxe5 Qa2# {
Hossa checkmated} 0-1

[Event "ICS rated standard match"]
[Site "204.178.125.65"]
[Date "2000.08.12"]
[Round "?"]
[White "Hossa"]
[Black "BrazilianMaster"]
[Result "0-1"]
[WhiteElo "2369"]
[BlackElo "2562"]
[PlyCount "96"]
[EventDate "2000.??.??"]

1. e4 Nf6 2. e5 Nd5 3. c4 Nb6 4. d4 d6 5. f4 dxe5 6. fxe5 Bf5 7. Nf3 e6 8. Nc3
Be7 9. Be2 O-O 10. O-O Nc6 11. a4 a5 12. Be3 Nb4 13. Rc1 Qd7 14. h3 Rad8 15. g4
Bg6 16. h4 f5 17. gxf5 Bxf5 18. b3 Qe8 19. Kh1 c5 20. Qd2 cxd4 21. Bxd4 Nd7 22.
Qe1 Nd3 23. Bxd3 Bxd3 24. Qg3 Bxf1 25. Rxf1 Rf5 26. Rf2 Nf8 27. Nb5 Ng6 28. Nd6
Bxd6 29. exd6 Qc6 30. Kg2 Rdf8 31. d7 Rxf3 32. Rxf3 Rxf3 33. Kh2 Rf8 34. h5
Qxd7 35. Be3 Ne7 36. Qg4 Nf5 37. Bg1 Qd6+ 38. Kh3 Qd2 39. Bb6 Qd3+ 40. Kh2 Qd6+
41. Kh1 Qxb6 42. c5 Qa6 43. Qh3 Nh4 44. Qg2 Nxg2 45. Kh2 Qe2 46. c6 Ne3+ 47.
Kh3 Qxh5+ 48. Kg3 Rf3# {Hossa checkmated} 0-1